000 00322nam a22001217a 4500
040 _cSK
082 _a639
100 _aគី វណ្ណារិទ្ធ
245 _aCoastal aquaculture; វារីវប្បកម្មតំបន់ឆ្នេ
260 _aRUA
_bគី
_c2000
300 _a71p.
942 _cKB
999 _c8911
_d8911